| 000 -LEADER |
| fixed length control field |
00454cam a2200133 i 4500 |
| 008 - FIXED-LENGTH DATA ELEMENTS--GENERAL INFORMATION |
| fixed length control field |
240805t20222022enka a 000 j eng d |
| 020 ## - INTERNATIONAL STANDARD BOOK NUMBER |
| International Standard Book Number |
9781801042918 |
| Qualifying information |
(hardcover) : |
| Terms of availability |
£12.99 |
| 020 ## - INTERNATIONAL STANDARD BOOK NUMBER |
| International Standard Book Number |
1801042918 |
| Qualifying information |
(hardcover) : |
| Terms of availability |
£12.99 |
| 082 0# - DEWEY DECIMAL CLASSIFICATION NUMBER |
| Classification number |
224 BAR |
| Item number |
B261 |
| 100 1# - MAIN ENTRY--PERSONAL NAME |
| Personal name |
Barnes, Natalie, |
| Relator term |
author. |
| 245 10 - TITLE STATEMENT |
| Title |
Eight nights, eight lights / |
| Statement of responsibility, etc. |
Natalie Barnes ; Andrea Stegmaier. |
| 300 ## - PHYSICAL DESCRIPTION |
| Extent |
24 unnumbered pages : |
| Other physical details |
color illustrations ; |
| Dimensions |
27 cm. |
| 942 ## - ADDED ENTRY ELEMENTS (KOHA) |
| Source of classification or shelving scheme |
|